Les chansons de Maes - Mort subite - Statistiques

Statistiques générales
  • Ce quiz a été pris 601 fois
  • Le résultat moyen est 7 sur 10
Answers on the Grid
Answers color-coded by a green-red scale on the quiz's grid according to % correct below.
Madrina
Tmax 530
Mama
Blanche
Billets verts
Distant
Dybala
ARSENAL
LA VIE CONTINUE
Pure
MESSI
Madone
Tmax 130
Billets rouges
Billets violets
CHELSEA
MANCHESTER
Papa
Blue
Opération
 
Statistiques - réponses
Réponse % Correct
Blanche
83%
Madrina
82%
Distant
81%
Dybala
81%
Billets verts
78%
Mama
75%
Tmax 530
73%
ARSENAL
66%
Pure
60%
LA VIE CONTINUE
52%
Aucun quiz correspondant
Distribution des résultats
% des personnes avec chaque résultat
Percentile par nombre de réponses
Votre historique - résultats
Vous n’avez pas pris ce quiz